| 000 | 01042cam a2200241 i 4500 | ||
|---|---|---|---|
| 003 | SA-RiAUC | ||
| 005 | 20250704142612.0 | ||
| 008 | 250703q19001999su g 10000 ara c | ||
| 040 |
_aSA-RiAUC _bara _cSA-RiAUC _erda |
||
| 082 | 0 | 4 |
_a252.506 _qSA-RiAUC |
| 090 |
_a252.506 _bن د و |
||
| 245 | 0 | 0 |
_aندوتا الحج الكبريان لعامي 1420 هـ. و1421 هـ. / _cتحرير أبي بكر أحمد با قادر. |
| 264 | 1 |
_aمكة المكرمة : _bوزارة الحج، _c[بين 1900 و1999] |
|
| 300 |
_a248 صفحة ؛ _c24 سم |
||
| 336 |
_aنص _btxt _2rdacontent _3كتاب |
||
| 337 |
_aبدون وسيط _bn _2rdamedia |
||
| 338 |
_aمجلد _bnc _2rdacarrier |
||
| 500 | _aكيفية التواصل بين الحجاج أثناء موسم الحج-التعارف الثقافي من خلال موسم الح مجلد | ||
| 650 | 7 |
_aالحج _vمؤتمرات _2aucsh |
|
| 700 | 1 |
_aباقادر، أبو بكر أحمد، _d1369 هجري- _eمحرر. |
|
| 942 |
_2ddc _cBOOK _n0 |
||
| 949 |
_aSA-JeALM _d250703 _uosman123 _n1 |
||
| 999 |
_c9435 _d9435 |
||